British Rock Bands by Members #3 - Statistics

General Stats
  • This quiz has been taken 93 times
  • The average score is 7 of 21
Answer Stats
Hint Answer % Correct
McCartney, McCartney, Laine Wings
91%
McVie, Green, Fleetwood, Spencer, Brunning Fleetwood Mac
80%
Kilmister, Clarke,Taylor Motorhead
54%
Ferry, Mackay, Eno, Manzanera, Porter, Thompson Roxy Music
50%
Curtis, Sumner, Hook, Morris Joy Division
48%
Ure, Cross, Cann, Currie Ultravox
41%
Weller, Talbot, Lee, White The Style Council
36%
Burden, Price, Chandler, Valentine, Steel The Animals
35%
Cocker, Doyle, Senior, Webber, Mackey, Banks Pulp
30%
Doherty, Barat, Hassall, Powell The Libertines
30%
Holland, Tilbrook, Difford, Kakoulli, Lavis Squeeze
28%
Anderson, Barre, Cornick, Bunker Jethro Tull
23%
Smith, Tolhurst,Thornalley,Anderson The Cure
23%
Marriot, Lane, McLagan, Jones Small Faces
20%
McPherson, Foreman, Smash, Bedford, Barson, Woodgate,Thompson Madness
19%
Jones, Vickers, Mann, Richmond, Hugg Manfred Mann
19%
Davies, Hodgson,Thomson, Siebenberg, Helliwell Supertramp
18%
Marsden, Marsden, Chadwick, Maguire Gerry & the Pacemakers
16%
Astbury, Duffy, Stewart, Preston The Cult
13%
Wilson, White, Rix, Baines,Hodgson Kaiser Chiefs
5%
McCafferty, Charlton, Agnew, Sweet Nazareth
3%
No matching quizzes found
Score Distribution
Percent of People with Each Score
Percentile by Number Answered
Your Score History
You have not taken this quiz